| 000 | 00569nam a2200181Ia 4500 | ||
|---|---|---|---|
| 003 | GCL | ||
| 008 | 140319s9999 xx 000 0 eng d | ||
| 040 |
_aGCL / _cGCL |
||
| 082 | 0 | 4 |
_a617.70932 _bM L |
| 100 | 1 | _aMARGANNE, MARIE HELENE | |
| 245 | 1 | 0 |
_aL'OPHTALMOLOGIC DANS L'EGYPTE GRECO - ROMAINE D'APRES LES PAPYRUS LITTERAIRES GRECS / _cMARGANNE, MARIE HELENE |
| 260 |
_a[S.N] : _bE. J. BRILL ، _c1994 |
||
| 300 | _a209 P | ||
| 650 | 0 | 4 | _aOPHTHALMOLOGY |
| 650 | 0 | 4 | _aOPHTHALMOLOGY - HISTORY - EGYPT |
| 650 | 0 | 4 | _aMANUSCRIPTS - GREEK ( PAPYRUS ) |
| 942 |
_2ddc _cBK |
||
| 999 |
_c14237 _d14237 |
||